| 000 | 02152cam a2200253Ia 4500 | ||
|---|---|---|---|
| 020 | _a9251050694 | ||
| 040 | _cFQG | ||
| 082 | _a338 FOO 2003 A077 Or. | ||
| 245 | 0 | 0 |
_aSouthland : _ba case study-based training exercise in policy analysis for the agricultural and rural sector |
| 260 |
_aRome : _bFood and Agriculture Organization of the United Nations, _c2003 |
||
| 300 |
_avi, 112 p. ; _c30 cm. + _e1 computer laser optical disc (4 3/4 in.) |
||
| 500 | _aPreliminary versions authored by Jonathan Kydd. Updated and finalized by Materne Maetz and edited by Julia Heath | ||
| 500 | _aThe accompanying CD-ROM, located in back pocket, contains the full text of the "Southland case study" in HTML and PDF formats, as well as a series of Excel data files that can be used for conducting quantitative analysis of selected statistics of the imaginary country | ||
| 520 | _aThe "Southland case study" is designed for a group of participants in a course on agricultural policy to mobilize their knowledge and skills on a fictitious country simulating many of the problems faced by developing countries. Based on realistic information on the country, presented in a set of documents collected from various sources and on a set of statistical tables, participants are asked to prepare a note outlining the key policy and institutional issues faced by the country and make proposals on how they can be addressed. This case study, developed in the early 1990s, has evolved as the history of the fictitious "Southland" unfolded, following patterns similar to those of many developing countries. It has been successfully used on many occasions and in different locations. The material presented includes notes to participants and trainers, background information, studies, historical information, and a glossary of economic and institutional terminology | ||
| 650 | 0 | _aAgriculture and state | |
| 650 | 0 | _aAgriculture and state | |
| 650 | 0 | _aFarm management | |
| 650 | 0 | _aRural poor | |
| 700 | 1 | _aKydd, Jonathan | |
| 700 | 1 | _aMaetz, Materne | |
| 700 | 1 | _aHeath, Julia | |
| 710 | 2 | _aFood and Agriculture Organization of the United Nations | |
| 942 | _cEK | ||
| 999 |
_c15610 _d15610 |
||